00685nam a2200157 a 450000100100000000500170001000800410002702000150006804000250008310000210010824502390012926000730036830000270044154600320046870000270050000004196420201002035846.0131025s1992 sp 000 0 spa d a8400072383 aDO-SdBNPbspacBNPHU1 aMaltrás, Bruno10aProducción Científica Española 1981-89 (SCI CD-ROM) = Spanish scientific production 1981-89 (SCI CD-ROM) :binforme EPOC. Universidad de Salamanca = EPOC report. University of Salamanca /cBruno Maltrás, Miguel A. Quintanilla. aMadrid, :bConsejo Superior de Investigaciones Científicas,c1992. axvii, 319 p. ;c30 cm. aTexto en español e ingles1 aQuintanilla, Miguel A.